Statistics for Europe by Capitals and Borders in 45 Seconds

Click here to take the quiz!

General Stats

  • This quiz has been taken 197 times
  • The average score is 43 of 45

Answers on the Map

Answers color-coded by a green-red scale on the quiz's map according to % correct below.
Loading ...
 

Answer Stats

Country% Correct
Spain
100%
Finland
100%
Germany
100%
France
100%
Norway
100%
Poland
100%
United Kingdom
99%
Bulgaria
99%
Ukraine
99%
Czech Republic
99%
Italy
99%
Netherlands
99%
Belgium
99%
Austria
99%
Russia
99%
North
Macedonia
99%
Luxembourg
99%
Switzerland
99%
Albania
98%
Ireland
98%
Greece
98%
Hungary
97%
Slovenia
97%
Denmark
97%
Belarus
97%
Portugal
97%
Latvia
96%
Andorra
96%
Slovakia
96%
Estonia
96%
Sweden
95%
Romania
95%
Serbia
94%
Lithuania
94%
San Marino
93%
Vatican City
92%
Croatia
90%
Montenegro
88%
Monaco
88%
Moldova
88%
Bosnia and
Herzegovina
88%
Iceland
82%
Liechtenstein
81%
Kosovo
81%
Malta
66%

Score Distribution

Percentile by Number Answered

Percent of People with Each Score

Your Score History

You have not taken this quiz